| 000 | 00523cam a2200193ua 4500 | ||
|---|---|---|---|
| 020 | _c2.00 | ||
| 041 |
_amal _h |
||
| 082 |
_a928.09 _bPAR/VO |
||
| 100 | _aParameswaran Nair, P K . | ||
| 245 |
_aVoltayar / _cP K Parameswaran Nair. _hTextual Documents |
||
| 260 |
_aThiruvananthapuram : _bKerala Press , _c1983. |
||
| 300 | _a84 ; . | ||
| 365 | _a2.00 | ||
| 440 | 0 |
_aTravancore University Series, _v17 _x; |
|
| 490 | 0 |
_aTravancore University Series, _v17 _x; |
|
| 504 | _a | ||
| 942 | _cBK | ||
| 999 |
_c4403 _d4403 |
||